[Event "Escaldes zt"]
[Site "Escaldes"]
[Date "1998.11.07"]
[Round "2"]
[White "Lautier, Joel"]
[Black "Bauer, Christian"]
[Result "1/2-1/2"]
[WhiteElo "2625"]
[BlackElo "2490"]
[Annotator "Tyomkin,D"]
[PlyCount "70"]
[EventDate "1998.11.06"]
[EventType "swiss"]
[EventRounds "9"]
[EventCountry "AND"]
[SourceTitle "CBM 068"]
[Source "ChessBase"]
[SourceDate "1999.02.01"]
[SourceVersion "1"]
[SourceVersionDate "1999.02.01"]
[SourceQuality "1"]

1. d4 f5 2. g3 Nf6 3. Bg2 g6 4. c4 Bg7 5. Nc3 d6 6. d5 Na6 7. Nh3 O-O 8. O-O
Nc5 9. Qc2 a5 (9... e5 {Tsesarsky} 10. dxe6 c6 11. Rd1 Qe7 12. b3 Bxe6 13. Ng5
Bd7 14. Bb2 Rad8 15. e3 $6 (15. b4 Ne6 16. Nf3 $14) 15... Ng4 16. Nh3 g5 17.
Re1 h6 18. Rad1 Bc8 (18... a5) 19. b4 Ne4 20. f4 Ngf6 21. Nxe4 Nxe4 22. Nf2
Bxb2 23. Qxb2 Nf6 $6 (23... Nxf2 $10) 24. Qd4 $14 {Pelletier,Y-Lutz,C/Biel
1996/CBM 55/[Tsesarsky] /0-1(48)}) 10. Nf4 e5 11. dxe6 c6 12. b3 Qe7 13. Ba3 g5
(13... Nxe6 14. Rad1 $14) 14. Nd3 Nxe6 $146 (14... Nce4 15. Rad1 Bxe6 16. Nxe4
Nxe4 (16... fxe4 17. Ne1 {[%csl Rd6,Re4]}) 17. Bxe4 fxe4 18. Ne1 Qf7 19. Bxd6
$16 {Timoshchenko Georgy-Chernin,A/URS ch (1 liga) URS 1981/1-0(37)}) 15. e3
$14 {White is planning to play via the center by doubling rooks over d-file or
preparing e3-e4.} Bd7 (15... Ne4 16. Bb2 Bxc3 17. Bxc3 Nxc3 18. Qxc3 Bd7 19.
Rfd1 $14 {[%csl Rd6][%cal Gd1d2,Ga1d1]}) 16. Rad1 Be8 $2 {[%mdl 8192] missing
next answer of white.} (16... Rad8 $142 17. Rfe1 $5 {[%cal Ge3e4]} (17. Ne5 $6
Be8 18. Qxf5 Nd7 19. Nxc6 bxc6 20. Qxa5 Nf6 $1 $15) (17. Rd2 {[%cal Gf1d1]}))
17. Nc1 $1 {[%csl Rd6,Rf5]} Rd8 18. Qxf5 Bg6 $2 (18... Bh5 $142 19. N3e2 (19.
Rd2 Ne4 $1) 19... a4 $16) 19. Qxa5 $18 Ng4 20. Na4 $2 (20. Ne4 $1 Bxe4 (20...
c5 21. Qb6 $18) 21. Bxe4 Nc5 (21... Nf4 22. exf4 Qxe4 23. Qxg5 $18) 22. Bxc5
Qxe4 23. f3 (23. Bxd6 $2 Nxe3 $1) 23... Qf5 24. fxg4 Qxc5 25. Qxc5 $18) 20...
Ne5 21. f4 Ng4 22. f5 $4 {[%mdl 64]} (22. Qd2 Nc5 (22... gxf4 23. exf4 Bd4+ 24.
Kh1 Ne3 25. Rde1 Nc2 (25... Nxf1 26. Qxd4) 26. Re2 Nxa3 27. Qxd4) 23. Rfe1 (23.
Rde1 Ne4) 23... Be4 24. Nxc5 dxc5 25. Qe2 $18) 22... Bxf5 23. Rxf5 Rxf5 24.
Qxf5 Nxe3 25. Qd3 Nxd1 26. Qxd1 b5 $1 {[%csl Ra4] White blundered this move
while playing 22.f5} 27. Bxc6 (27. Nb2 $4 Qa7+ $19) 27... bxa4 28. bxa4 {
[%mdl 1024] White has B and 2 pawns for the rook which is normally equivalent,
but white pieces are disconnected and black tries to use it with next moves.}
Nd4 (28... Bd4+ $6 29. Kg2 Rf8 30. Nd3 $14) 29. Bd5+ Kh8 30. Kh1 Qe3 31. Bb4 (
31. Nd3 $142 {[%cal Ga3c1] was better way to connect pieces.} Ne2 32. Bb4)
31... Rf8 32. Bd2 (32. Bxd6 Rf2 33. Bb4 (33. Nd3 $2 Rd2 34. Qb1 Ne6 $1 35. Qb8+
Nf8) 33... g4 $1 $36) 32... Qe5 33. Bc3 {[%cal Rc1b3]} Qe3 34. Bd2 Qe5 35. Bc3
Qe3 1/2-1/2

[Event "Solin 9th"]
[Site "Solin/Split"]
[Date "2001.12.11"]
[Round "4"]
[White "Kurajica, Bojan"]
[Black "Kovacevic, Vlatko"]
[Result "1-0"]
[WhiteElo "2542"]
[BlackElo "2499"]
[Annotator "Tyomkin,D"]
[PlyCount "55"]
[EventDate "2001.12.08"]
[EventType "tourn"]
[EventRounds "9"]
[EventCountry "CRO"]
[EventCategory "12"]
[SourceTitle "CBM 087"]
[Source "ChessBase"]
[SourceDate "2002.03.21"]
[SourceVersion "1"]
[SourceVersionDate "2002.03.21"]
[SourceQuality "1"]

1. c4 f5 2. g3 Nf6 3. d4 g6 4. Bg2 Bg7 5. Nh3 d6 6. Nc3 c6 7. d5 e5 {There is
some logic to play e6-e5 before castle- after dxe6 Bxe6 black bishop has g8
square facing Ng5 move;} ({More often black does:} 7... O-O {here}) (7... O-O
8. O-O e5 9. dxe6 Bxe6 10. Qd3 Nbd7 11. Qxd6 (11. Ng5 Ne5 $1 12. Nxe6 Qe7 $11)
11... Bxc4 12. Qb4 Ba6 (12... Nb6 $5) 13. Ng5 Qb6 14. Qxb6 Nxb6 15. Ne6 Rf7 16.
Nxg7 Rxg7 17. Rd1 $14 {1-0 Bagaturov,G-Dzhumaev,M/Patras 2000/EXT 2001 (41)})
8. dxc6 $146 {Comletely new way of white to face e6-e5 break in this position;
Previously tried 8.dxe6 doesn't lead to any clear advantage of white:} (8. dxe6
Bxe6 9. Qb3 (9. Bf4 Bxc4 10. Qxd6 (10. Bxd6 $6 Nd5 11. Qa4 Nb6 (11... Qxd6 12.
Qxc4 Nxc3 13. bxc3 b5 14. Qb3 b4 15. O-O $44) 12. Qa3 Bf7 (12... Bxe2 $2 13.
Nxe2 Nc4 14. Qc5 Nxd6 15. O-O-O $16) 13. Qb4 Na6 14. Qf4 Nc4 $17 {0-1
Giorgadze,G-Makarov,M/Podolsk 1989/EXT 97 (69)}) 10... Qxd6 11. Bxd6 Nbd7 (
11... Na6 12. O-O-O O-O-O 13. Be5 {1/2-1/2 Zhukova,N-Horvath,C/Skopje MKD 2002/
The Week in Chess 376 (13)}) 12. O-O O-O-O {0-1 Marszalek,R-Kholmov,R/Moscow
1991/CBM 21 ext (44) Black is definitely not worse;}) 9... Qe7 10. Bf4 (10. Ng5
Bc8 11. h4 Nbd7 12. Bf4 Ne5 13. O-O-O h6 14. Nh3 Be6 $15 {0-1 Franco,Z-Sanz
Alonso,F/Sevilla 1992/CBM 29 (34)}) 10... Ng4 $5 {[%cal Gg4e5]} (10... Na6 11.
Bxd6 Qxd6 12. Qxb7 Nc7 13. Bxc6+ $1 (13. Rd1 Qe7 14. Qxc6+ Kf8 {1/2-1/2
Ovsejevitsch,S-Grivas,E/Chania 2000/EXT 2001 (37)}) 13... Bd7 (13... Kf8 14.
Nb5 Qb4+ 15. Kf1 $18) 14. Bxd7+ Qxd7 15. Nb5 $16) 11. Bxd6 Bxc4 $1 $13) 8...
bxc6 9. O-O O-O 10. Qa4 Qe7 11. Rd1 (11. Bxc6 $6 Nxc6 12. Qxc6 Bb7 13. Qa4 h6
$44 {[%cal Gg6g5,Yf5f4]} (13... f4 $5 14. gxf4 $140 $2 Qe6 $19)) 11... Rd8 12.
b4 e4 {[%csl Rg2,Rh3] Now the biggest problem of white is how to enter Nh3 and
especially Bg2 to the game;} 13. b5 {[%cal Yg7a1]} Bb7 14. Rb1 h6 {[%csl Yh3]}
(14... d5 $5 15. cxd5 cxd5 16. Be3 Nbd7 $11 {[%cal Gd7b6]}) (14... a6 15. bxc6
Bxc6 16. Qa3 {[%csl Yd6][%cal Gh3f4,Yf4d5]}) 15. Qa5 {[%cal Rh3f4,Yf4e6,Yf4g6]
Smart move- the idea is to move Nh3 in by Nf4 and Ne6 then- Rd8 would be
hanging there after Qxe6;} Rd7 $1 {Preventing Nf4-e6 idea;} 16. Ba3 (16. Nf4 $6
g5 {[%csl Rf4]}) 16... a6 {It forces bxc6, but white queen ahs got b6 spot;
There were some good alternatives for black:} (16... Qe5 $5 17. Bb2 Qc5 {
black queen is very annoying piece for white in this line, and it disturbs
white to go on with his plans over the queenside;}) (16... Kh7 {Prophylactic
move, in addition king guards g6 spot, which is always vulnerable after Nh3-f4;
}) 17. bxc6 Nxc6 18. Qb6 {[%cal Yh3f4,Yf4d5]} Qe5 $6 {Black queen captures the
spot which belongs to Nc6- black is missing this spot for the knight after 19.
Nd5 Nxd5 20.cxd5; Accurate 19...Rb8 could keep the balance:} (18... Rb8 $142
19. Nf4 (19. Nd5 Nxd5 20. cxd5 Ne5 {[%cal Ye5c4]}) 19... Kh7 20. Ncd5 Nxd5 21.
cxd5 (21. Nxd5 Qf7 {[%cal Gc6e5]}) 21... Ne5 22. Rdc1 Rc8 $11 {[%csl Rg2]}) 19.
Nd5 Nxd5 20. cxd5 Nd8 $4 {Catastrophic decision- white gets in vs all his
pieces in couple of moves; Principle was 20...Nd4 and white doesn't have clear
way for advantage there-white needs long time to enter his Bg2 in to the game;}
(20... Nd4 21. Nf4 {[%cal Ra3b2]} (21. Bb2 $2 Nxe2+ 22. Kh1 Nc3 23. Rbc1 (23.
Rdc1 Rc8 $17) 23... Na4 {[%csl Rb6]}) 21... Nb5 $1 (21... g5 22. Bb2 $1 Qe7 23.
Bxd4 gxf4 24. gxf4 Qh4 25. Bxg7 (25. Rb3 Bxd4 26. Rxd4 Qxf4 27. Rg3+ Kh7 $11)
25... Rxg7 26. Rb3 $16 {[%csl Rd6][%cal Gb3g3]}) 22. Bb2 Qe8 $1 (22... Nc3 23.
Bxc3 Qxc3 24. Nxg6 $16) 23. Bxg7 Rxg7 24. Rbc1 {[%cal Ga2a4]} Rc8 {and Bg2 is
still a big trouble of white, although other pieces are very active;}) 21. Nf4
$16 Kh7 22. h4 {Now white has time to take care on Bg2- all black pieces are
passive and can not create any counterplay;} Qe7 23. h5 $6 (23. Bh3 $1 $16 {
[%cal Gh4h5] following by h5, could cause black much bigger problems;}) 23...
gxh5 $2 {Now white decisvely enters his bishop;} (23... g5 24. Ng6 Qf7 25. Qa5
$16 {[%csl Rd6][%cal Gb1b6] At least Bg2 is still passive;}) 24. Bh3 $18 {
[%csl Rf5,Rh5] Finitto la comedia; Do you remember this bishop couple of moves
ago?} Qf8 (24... Qg5 25. Ng2 $1 $18 {[%csl Rd6,Rf5][%cal Gg2e3,Gg2h4]}) 25. Ne6
Qf7 26. Nxg7 Kxg7 27. Bxd6 {Punishment comes from all sides;} Bxd5 $2 {It
helps black not to suffer much from hopeless position- white wins now at once;}
(27... Kh7 28. Bf4 $18 {[%csl Rf5,Rh6]}) 28. Qd4+ {[%csl Rd5]} 1-0

[Event "RUS-Cup01 Chigorin Memorial"]
[Site "St Petersburg"]
[Date "1997.11.09"]
[Round "9"]
[White "Polovodin, Igor A"]
[Black "Rychagov, Andrey"]
[Result "1-0"]
[WhiteElo "2440"]
[BlackElo "2495"]
[Annotator "Tyomkin,D"]
[PlyCount "79"]
[EventDate "1997.11.01"]
[EventType "swiss"]
[EventRounds "9"]
[EventCountry "RUS"]
[SourceTitle "CBM 062"]
[Source "ChessBase"]
[SourceDate "1998.01.31"]
[SourceVersion "1"]
[SourceVersionDate "1998.01.31"]
[SourceQuality "1"]

1. d4 f5 2. c4 Nf6 3. g3 g6 4. Bg2 Bg7 5. Nc3 O-O 6. Nh3 Nc6 7. O-O Kh8 $146 (
7... d6 {Tyomkin,D} 8. Nf4 (8. d5 Ne5 (8... Na5 9. Qd3 {Galdunc} (9. Qc2 Nxc4
10. Nb5 a6 11. Qxc4 axb5 12. Qxb5 $13) (9. Qa4 b6 (9... c5) 10. Nf4 Bd7 11. Qc2
(11. Qb4 $13 {[%csl Rb4]}) 11... Nxc4 12. Ne6 Bxe6 13. dxe6 c6 $1 14. Bxc6 Rc8
15. Bg2 d5 $36 {[%csl Re6]}) 9... e5 10. dxe6 Bxe6 11. b3 (11. Nd5 Ne4 $1 12.
Nhf4 Bf7 13. Bxe4 fxe4 14. Qxe4 c6 15. Ne3 Nxc4 16. Nxc4 d5 17. Qe3 Re8 $1 18.
Qb3 dxc4 19. Qxb7 g5 $17) 11... Ne4 12. Bb2 Nc6 $13) 9. b3 c5 10. Bb2 Bd7 11.
Qd2 Rb8 12. a4 a6 13. Rfe1 h6 14. f4 Neg4 15. e4 $14 {Aleksandrov,A-Maljutin,E/
Jurmala 1991/1/2-1/2 (52)}) 8... e5 (8... g5 9. Nfd5 (9. d5 $142 $1) 9... e6
10. Nxf6+ Bxf6 11. d5 Ne5 12. e4 Bg7 13. Bxg5 {[%cal Gf2f4] 1/2:1/2 Grunberg -
Berkovic, Budapest 1991}) 9. dxe5 dxe5 10. Nfd5 {Tukmakov} (10. Qxd8 Nxd8 (
10... Rxd8 $5 11. Nfd5 Rd7) 11. Nfd5 c6 12. Ne7+ Kf7 13. Nxc8 Rxc8 14. e4 fxe4
(14... Ne6 $5 {[%cal Ge6d4]} 15. exf5 gxf5 16. Re1) 15. Be3 $14 {Kandyba,
L-Rublevsky,S/URS-sf Voronez 19911/2-1/2(40)}) (10. Bxc6 bxc6 11. Qxd8 Rxd8 12.
Nd3 Nd7 13. Nb4 Bb7 14. Bg5 Re8 15. Rad1 Nb6 16. c5 Nc4 $15 {G.Dizdar -
Malaniuk, Baku 1988}) 10... Ne8 $5 (10... Nd4 11. Bg5 c6 12. Nxf6+ Bxf6 $10)
11. b4 e4 12. b5 Nd4 13. Be3 (13. Ba3 Rf7 14. e3 Ne6 15. Ne7+ Rxe7 16. Qxd8
Nxd8 17. Bxe7 Bxc3 18. Bxd8 Bxa1 19. Rxa1 Be6 $10) 13... Ne6 14. Rc1 (14. Qb3
c6 15. Nf4 Qa5 $5 16. Rac1 Nxf4 17. Bxf4 Be6 $13) 14... c6 15. Nb4 Bd7 $1 16.
f3 Qe7 $13 {Tukmakov - Malaniuk, Sverdlovsk 1987-44/113}) (7... e6 $5 8. d5 Ne5
9. b3 Nf7 $1 (9... exd5 10. cxd5 d6 11. Bb2 Bd7 12. Qc2 Nh5 13. e3 Qe7 14. Rae1
Rae8 15. Nf4 Nf6 16. h3 $14 {Lautier,J-Piket Jeroen/It "Melody Amber" 
(blindfold), Monte Ca 1996/1-0 (45)}) 10. Ba3 Re8 11. Rc1 (11. dxe6 $5 $14 {
Speelman}) 11... e5 12. d6 c6 13. b4 b6 $13 {Timman - Speelman, London (m/5)
1989-48/136}) (7... Nh5 8. e3 d6 9. d5 Ne5 10. Qe2 Bd7 11. Nf4 Nf6 12. Bd2 $14
{Wo.Schmidt - G.Blaess, Bundesliga 1982}) (7... e5 {Tyomkin,D} 8. d5 Na5 9. d6
c5 $2 10. Be3 {[%csl Rc5]} e4 11. Bxc5 b6 12. Bd4 $16 {Pavlov,A-Nalesny,I/
RUS-Cup9 1997/1/2-1/2 (62)}) 8. b3 (8. d5 $5) 8... d6 9. Bb2 $14 Bd7 (9... e5
$5 10. d5 Ne7 11. Ng5 $14) 10. Qd2 (10. d5 $5 Ne5 11. Nf4) 10... a6 11. Nf4 Qe8
12. e4 Nxd4 (12... e5 13. dxe5 dxe5 14. Nfd5 $14) 13. exf5 $6 (13. Qxd4 $5 e5
14. Qd2 (14. Nxg6+ Qxg6 15. Qd3 f4 $15) 14... exf4 15. exf5 Bxf5 16. Bxb7 (16.
Qxf4 Ne4 $140 $2 17. Rae1 {[%cal Ye1e8]}) 16... Rb8 17. Bg2 $14 {/+/-}) (13.
Ncd5 $5 Nxd5 14. Nxd5 (14. exd5 c5 $13) 14... Ne6 15. exf5 gxf5 16. Bxg7+ Kxg7
17. Rae1 $44) 13... Nxf5 14. Bxb7 Rb8 15. Bg2 c5 {[%cal Gf5d4]} 16. Ncd5 Nd4
17. Nxf6 $2 (17. Rfe1 $142 {[%csl Ge6,Ge7] xe6,e7 <->e}) 17... Bxf6 18. Nd5 Bg7
19. f4 a5 20. Rae1 e6 $36 {[%cal Ga5a4] [+]} 21. Kh1 a4 22. Nc7 (22. b4 $2 Qd8
23. bxc5 $140 Rxb2 $1) 22... Qc8 23. Nb5 Bxb5 24. cxb5 axb3 25. a4 d5 26. Re3
Ra8 27. a5 Nxb5 28. Bxg7+ Kxg7 29. Rxb3 Nd4 $17 {[%csl Gd4,Rg2] black is pawn
up,also the bishop-g2 is useless piece comparing with Nd4} 30. Rb6 Rf7 31. Rfb1
Raa7 32. Qe3 {Perhapse the next stage of the game was playing in mutual
time-trouble.} Qc7 33. a6 h6 34. h4 (34. Rb7 Rxb7 35. axb7 Rf8 $17 {[%cal
Gf8b8] and Bg2 is in the out of the game}) 34... Qe7 35. Kh2 h5 36. Bh3 Qf6 37.
Bg2 Qf5 $2 {[%csl Rd4]} 38. Qc3 $2 (38. Rc1 $1 $16 {[%csl Rd4][%cal Rc1c5]
winning pawn-c5} Rac7 39. Rxc5 Nc2 $140 40. Qc3+ d4 41. Rxf5 dxc3 42. Rxf7+
Rxf7 43. Rb3 $18 (43. Rb7 Ne3 44. Be4 $18)) 38... Rxa6 39. Qxc5 Rxb6 $4 {
losing the piece,but not the game!} (39... Ra4 $8 {and black is still pawn up.}
) 40. Qxd4+ {I suppose black lost on time in this position otherwise he could
continue to play after:} (40. Qxd4+ e5 $1 41. Qxb6 exf4 42. Qd4+ (42. Rb3 $5
Qg4 $1 {[%cal Rf4g3]} 43. Qf2 fxg3+ 44. Qxg3 Qxg3+ 45. Rxg3 Rf5 $14) 42... Qf6
43. Qxf6+ Rxf6 {and black is very close to draw:} 44. Bxd5 fxg3+ 45. Kxg3 g5
46. hxg5 Rf5 47. Rb7+ Kf8 (47... Kh8 {[%tqu "En","","","","b7h7","",10]} 48.
Rh7+ $3 Kxh7 49. Be4 Kg6 50. Kh4 $22)) 1-0

[Event "North Sea Cup 16th"]
[Site "Esbjerg"]
[Date "2001.07.06"]
[Round "1"]
[White "Nielsen, Peter Heine"]
[Black "Rustemov, Alexander"]
[Result "0-1"]
[WhiteElo "2593"]
[BlackElo "2607"]
[Annotator "Tyomkin,D"]
[PlyCount "66"]
[EventDate "2001.07.06"]
[EventType "tourn"]
[EventRounds "9"]
[EventCountry "DEN"]
[EventCategory "14"]
[SourceTitle "CBM 085"]
[Source "ChessBase"]
[SourceDate "2001.11.13"]
[SourceVersion "1"]
[SourceVersionDate "2001.11.13"]
[SourceQuality "1"]

1. c4 f5 2. Nf3 Nf6 3. g3 d6 4. d4 g6 5. b4 Bg7 6. Bb2 e6 7. Bg2 Qe7 8. O-O O-O
9. Nbd2 Nbd7 $146 {It doesn't make bg difference- white is better in all lines;
} (9... Nc6 10. b5 Nd8 11. Re1 (11. Qc2 Nf7 12. e4 e5 13. dxe5 dxe5 14. a4 Rd8
{1-0 Mateuta,G-Vezdeutsan,V/Bucharest ROM 2001/The Week in Chess 355 (43)} (
14... fxe4 $142 $11 {[%cal Gf7d6,Yc8f5]})) 11... Ne4 12. Nxe4 fxe4 13. Nd2 d5
14. Qb3 Qg5 15. f4 exf3 16. Nxf3 Qh5 17. Ne5 c5 18. e3 $16 {[%csl Ra8,Rc8,Rd8]
1-0 Goloshchapov,A-Biliskov,V/Zadar 2000/CBM 79 ext (38)}) 10. Qb3 (10. Qc2 $5
{[%cal Ge2e4]}) 10... Kh8 11. c5 {For some reason white declined the plan with
e2-e4; c4-c5 give up d5 square;} (11. Rfe1 Ne4 (11... e5 12. dxe5 Nxe5 13. Nxe5
(13. e4 Nxf3+ 14. Bxf3 $14) 13... dxe5 14. e4 $14) 12. Nxe4 fxe4 13. Nd2 d5 14.
f3 Bh6 $13) 11... Nd5 $5 {setting the knight immediatly on d5;} 12. e4 fxe4 13.
Nxe4 N7f6 14. Rae1 $14 {Anyhow white has got an advantage- white has captured
much more space here;} Bd7 {[%cal Rd7b5]} 15. Nc3 {There was more aggresive
move for white:} (15. Neg5 $5 {[%cal Rg5e6,Gf3g5] trying to break thru e6
point;} h6 (15... a5 16. Nxe6 $1) 16. Nh4 Qe8 17. f4 $1 {[%csl Gf6][%cal Re1e8,
Yg2d5]} (17. Qc2 hxg5 18. Nxg6+ Kg8 19. Nxf8 Kxf8 $17) 17... hxg5 18. fxg5 Ba4
$1 19. Qa3 $1 $14) 15... Rae8 16. Ng5 {Anyhow white keeps the pressure;} Nxc3
17. Bxc3 c6 (17... h6 $2 18. Nxe6 Bxe6 19. d5 Bxd5 (19... Nxd5 20. Bxd5 Bxc3 (
20... Bxd5 $4 21. Rxe7 Bxb3 22. Bxg7+ $18) 21. Rxe6 Qg7 22. Rxe8 Rxe8 23. Bxb7
$16) 20. Bxd5 $16) 18. Bb2 (18. Bh3 Nd5 19. f4 $5 $14 ({There is interesting
tactical struggle in the following line:} 19. Nxe6 Rf3 20. Nc7 Qxe1 $1 21. Bxe1
Rxb3 22. Nxe8 Bxh3 23. axb3 dxc5 24. Nxg7 Kxg7 25. bxc5 {but probably draw
thanks to outposted Nd5;})) 18... h6 19. Ne4 Nxe4 {[%csl Re6] Black has traded
all knights, but still can not breath free here because of the same e6
weakness and the lack of space;} 20. Bxe4 g5 21. Bg6 Rd8 22. Bb1 d5 23. f4 $1 {
White gets an attack over the kingside now;} gxf4 24. Qd3 Bf6 25. Rxf4 Bg5 26.
Rxf8+ Rxf8 27. h4 $2 (27. Bc1 $1 Bxc1 (27... Qf7 28. Be3 $1 {[%cal Gd3d2]}) 28.
Rxc1 $16 {[%csl Ye5,Rh6,Rh8] White's advantage is obvious- Bd7 is still very
passive and black king is vulnerable.}) 27... Qf7 $1 28. Bc3 $4 {[%mdl 8192]
Just a blunder. White is still better after:} (28. Kh1 Bd8 29. Bc1 $14) (28.
Rf1 Qxf1+ (28... Be3+ $2 29. Kh2 $1 {[%csl Rh7]}) 29. Qxf1 Be3+ 30. Kg2 Rxf1
31. Kxf1 Be8 32. Ke2 Bg1 33. g4 {[%cal Ge2f3,Gb2c1]} Kg7 34. h5 {[%cal Ge2d3]
and white is still better;}) {[%tqu "En","Black is to move. Find out the
tactical blow.","","","g5h4","",10]} 28... Bxh4 $1 $19 {White has made enough
mistakes in this game and finally he's got punished;} 29. Bd2 $4 {White is
still winning after the more resistant 29.gxh4, but white has to make couple
of good moves there:} (29. gxh4 Qf2+ 30. Kh1 Qxh4+ 31. Kg1 Qg4+ 32. Kh1 Qh5+ (
32... Rf5 33. Re5 Qh4+ 34. Kg1 Qf2+ 35. Kh1 Qf1+ 36. Qxf1 Rxf1+ 37. Kg2 Rxb1
38. Re1 Rxe1 39. Bxe1 e5 $1 40. dxe5 Kg7 $17) 33. Kg2 Rg8+ 34. Kf1 Rg7 $3 $19 {
[%cal Ge6e5,Rd7h3] Deep Fritz;}) {[%tqu "En","and one more for black;","","",
"h4g3","",10]} 29... Bxg3 $1 {Now the game is over for black...} 30. Rf1 Bf2+
31. Kh1 Qh5+ 32. Kg2 Qg4+ 33. Kh2 Rf5 {[%cal Rf5h5]} 0-1

[Event "San Francisco Mechanics"]
[Site "San Francisco"]
[Date "1998.07.15"]
[Round "6"]
[White "Rey, Guillermo"]
[Black "Kobese, Watu"]
[Result "1/2-1/2"]
[WhiteElo "2335"]
[BlackElo "2330"]
[Annotator "Tyomkin,D"]
[PlyCount "89"]
[EventDate "1998.07.10"]
[EventType "tourn"]
[EventRounds "9"]
[EventCountry "USA"]
[EventCategory "10"]
[SourceTitle "CBM 066"]
[Source "ChessBase"]
[SourceDate "1998.09.30"]
[SourceVersion "1"]
[SourceVersionDate "1998.09.30"]
[SourceQuality "1"]

1. d4 f5 2. g3 Nf6 3. Bg2 g6 4. c4 Bg7 5. Nc3 O-O 6. Nh3 Nc6 7. d5 (7. O-O Kh8
$146 8. b3 (8. d5 $5) 8... d6 9. Bb2 $14 Bd7 (9... e5 $5 10. d5 Ne7 11. Ng5 $14
) 10. Qd2 (10. d5 $5 Ne5 11. Nf4) 10... a6 11. Nf4 Qe8 12. e4 {Polovodin,
I-Rychagov,A/RUS-Cup01 Chigorin mem 1997/1-0(39)}) 7... Ne5 8. b3 (8. Qb3 $5 {
This move looks stronger than 8.b3} c5 (8... c6 9. O-O Qa5 10. Bf4 Nf7 11. Rfd1
$14 {Levacic,D-Chomet,P/FRA-chT 1993/1/2-1/2(41)}) 9. Bd2 h6 10. O-O d6 11.
Rae1 e6 12. Nf4 exd5 13. Nfxd5 $14 {Agdestein,E-Shabalov,A/Moscow olm 1994/1-0
(53)}) 8... Nf7 (8... d6 9. Rb1 (9. Bd2 Bd7 10. Qc1 c5 11. O-O a6 12. a4 b6 13.
Bh6 Ne8 14. Bxg7 Kxg7 15. f4 Ng4 16. e4 $14 {Vnukov,V-Kobalija,M/Yalta op 1996/
0-1 (53)}) 9... a6 10. a4 Rb8 11. O-O c5 12. Nf4 Qe8 13. Qc2 Kh8 14. Bd2 Bd7
15. a5 g5 16. Ne6 Bxe6 17. dxe6 Qg6 $132 {Averkin,O-Chuprikov,D/URS Army-ch
1989/1/2-1/2(41)}) (8... c5 $6 9. Bd2 d6 10. Nf4 Rb8 11. a4 a6 12. a5 b5 13.
axb6 Qxb6 14. Ra3 $14 {Hebelka,M-Jablonicky,F/SVK-chT2 9697 1997/0-1 (48)}) 9.
Qc2 (9. Rb1 $6 c6 10. O-O e5 11. dxe6 dxe6 12. Ng5 Nxg5 13. Bxg5 h6 14. Bc1 e5
15. Ba3 Qxd1 16. Rfxd1 Re8 $11 {Boensch,U-Malaniuk,V/Brno 1993/1/2-1/2(34)})
9... c6 10. O-O $146 (10. Bb2 cxd5 11. Nxd5 Nxd5 12. Bxd5 Qa5+ 13. Kf1 Bxb2 14.
Qxb2 e6 15. Bf3 Rb8 16. Kg2 $14 {Santos,L-Fernandes,A/Almada 1988/1-0(39)})
10... e5 11. Ba3 (11. dxe6 dxe6 12. Ng5 (12. Ba3 Re8 13. Rad1 Qa5 {[%cal Ge6e5]
}) 12... Nxg5 13. Bxg5 e5 $11) 11... Re8 12. Rad1 Qc7 $6 (12... Qa5 13. Bc1)
13. d6 Qd8 14. e4 $16 {[%csl Ra8,Rc8] @+()} g5 {[%csl Rh3][%cal Rg5g4]} 15. f4
Ng4 16. Bc1 exf4 17. gxf4 Qa5 18. Rd3 Nxd6 $1 19. Nxg5 h6 (19... Bxc3 20. Rxc3
Nxe4 21. Nxe4 fxe4 22. Rg3 $18) 20. e5 hxg5 21. exd6 Qc5+ 22. Kh1 Re1 $1 {
The best defensive chance.} 23. Bd5+ $2 (23. Nd1 $1 Rxf1+ 24. Bxf1 gxf4 25.
Bxf4 b5 26. Ne3 $16) 23... cxd5 (23... Qxd5+ 24. Nxd5 Rxf1+ 25. Kg2 Rf2+ 26.
Qxf2 Nxf2 27. Ne7+ $18) 24. Rxe1 Nf2+ 25. Kg2 Nxd3 26. Qxd3 dxc4 27. bxc4 b5 $1
$11 {[%cal Gc8b7] Now white should force a draw.} 28. Re8+ (28. Qf3 $6 Rb8)
28... Bf8 29. Rxf8+ (29. Nd5 Bb7 30. Rxa8 Bxa8 31. Qxf5 Qxd6 (31... Bxd5+ 32.
Qxd5+ Qxd5+ 33. cxd5 gxf4 {with good chances to draw for black.}) 32. Qxg5+ Kf7
33. Qf5+ Ke8 34. Qe4+ Kf7 (34... Kd8 35. Bb2 $36) 35. Qf5+ $11) 29... Kxf8 30.
Nd5 Bb7 31. Qxf5+ Kg8 32. Qg6+ Kf8 33. Qf6+ Kg8 34. Qxg5+ Kf8 35. Qh6+ Kg8 36.
Qg6+ Kf8 37. Qf6+ Kg8 38. Qg6+ Kf8 39. Qh6+ Kg8 40. Qg5+ Kf8 41. Qf5+ Kg8 42.
Bb2 Bxd5+ 43. cxd5 Qxd6 44. Bf6 a5 45. Qg6+ 1/2-1/2